[Event "Kiel op 30th"]
[Site "Kiel"]
[Date "2017.07.31"]
[Round "5"]
[White "Witt, Holger"]
[Black "Rempe, Jonas"]
[Result "0-1"]
[WhiteElo "1578"]
[BlackElo "1749"]
[PlyCount "78"]
[EventDate "2017.07.29"]
[EventType "swiss"]
[EventRounds "9"]
[EventCountry "GER"]
[SourceTitle "EXT 2018"]
[Source "ChessBase"]
[SourceDate "2017.10.13"]
[SourceVersion "1"]
[SourceVersionDate "2017.10.13"]
[SourceQuality "1"]

1. c4 Nf6 2. Nc3 g6 3. g3 Bg7 4. Bg2 0-0 5. d3 d6 6. Nf3 c5 7. Rb1 Nc6 8. a3 Ne8 9. 0-0 Nc7 10. Bd2 a5 11. Nb5 e5 12. Ne1 Nxb5 13. cxb5 Nd4 14. a4 Rb8 15. e3 Ne6 16. Nc2 b6 17. e4 Nd4 18. Nxd4 cxd4 19. b4 axb4 20. Bxb4 f5 21. Qb3+ Kh8 22. f3 Bb7 23. Rb2 fxe4 24. fxe4 Bh6 25. Rbb1 Qe7 26. Qa3 Rbd8 27. Rxf8+ Bxf8 28. Bh3 Bc8 29. Bxc8 Rxc8 30. Rc1 Rc7 31. Rc6 Rd7 32. Rxb6 Qf6 33. Qc1 Rf7 34. Rc6 Bh6 35. Rc8+ Kg7 36. Qd1 Qe6 37. Rc2 Qh3 38. Rg2 Be3+ 39. Kh1 Qh5 0-1

[Event "Hastings Masters op 92nd"]
[Site "Hastings"]
[Date "2017.01.02"]
[Round "6"]
[White "Witt, Holger"]
[Black "Rice, Christopher"]
[Result "0-1"]
[WhiteElo "1628"]
[BlackElo "2002"]
[PlyCount "70"]
[EventDate "2016.12.28"]
[EventType "swiss"]
[EventRounds "9"]
[EventCountry "ENG"]
[SourceTitle "CBM 176 Extra"]
[Source "ChessBase"]
[SourceDate "2017.03.02"]
[SourceVersion "1"]
[SourceVersionDate "2017.03.02"]
[SourceQuality "1"]

1. c4 c6 2. d4 d6 3. Nf3 Nd7 4. g3 Ngf6 5. Nc3 e5 6. e4 Be7 7. Bg2 0-0 8. 0-0 a6 9. b3 Re8 10. Re1 Bf8 11. Bb2 b5 12. Qc2 Bb7 13. d5 cxd5 14. cxd5 Rc8 15. Qe2 g6 16. Qd2 Qb6 17. Rac1 a5 18. Bh3 Rc7 19. Nb1 Nc5 20. Nc3 Bc8 21. Bf1 Bd7 22. h3 Rec8 23. Qe3 b4 24. Nd2 bxc3 25. Bxc3 Bb5 26. Bc4 Qa6 27. a4 Bxc4 28. Nxc4 Nxb3 29. Nb6 Nxc1 30. Nxc8 Rxc3 31. Qxc3 Ne2+ 32. Rxe2 Qxe2 33. Qxa5 Nxe4 34. Qa7 Qd1+ 35. Kg2 Qc2 0-1

[Event "Rhein Main op-A 18th"]
[Site "Bad Homburg"]
[Date "2015.06.07"]
[Round "7"]
[White "Varho, Ilkka"]
[Black "Witt, Holger"]
[Result "1-0"]
[WhiteElo "1931"]
[BlackElo "1645"]
[PlyCount "69"]
[EventDate "2015.06.03"]
[EventType "swiss"]
[EventRounds "7"]
[EventCountry "GER"]
[SourceTitle "CBM 167 Extra"]
[Source "ChessBase"]
[SourceDate "2015.09.14"]
[SourceVersion "1"]
[SourceVersionDate "2015.09.14"]
[SourceQuality "1"]

1. d4 Nf6 2. c4 e6 3. Nf3 c5 4. d5 exd5 5. cxd5 d6 6. Nc3 a6 7. a4 g6 8. e4 Bg4 9. h3 Bxf3 10. Qxf3 Nbd7 11. Be2 Bg7 12. 0-0 0-0 13. Qg3 Qe7 14. Bd3 Rfe8 15. Qh4 Ne5 16. Bc2 Qf8 17. Bd2 b6 18. Rab1 Nfd7 19. b3 c4 20. Ne2 Nc5 21. b4 Ncd3 22. Qg3 Rac8 23. f4 Nd7 24. Bxd3 cxd3 25. Qxd3 Qe7 26. Ng3 h5 27. Rfe1 Qh4 28. Rbc1 Bb2 29. Rxc8 Rxc8 30. Kh2 Kh7 31. Qxa6 Nf6 32. Qxc8 Ng4+ 33. Kh1 Qxg3 34. hxg4 Bd4 35. gxh5 1-0

[Event "Lisbon Christmas op"]
[Site "Lisbon"]
[Date "2014.12.28"]
[Round "5"]
[White "Cadeirinhas, David Eduardo Lour"]
[Black "Witt, Holger"]
[Result "1-0"]
[WhiteElo "1871"]
[BlackElo "1618"]
[PlyCount "125"]
[EventDate "2014.12.26"]
[EventType "swiss"]
[EventRounds "9"]
[EventCountry "POR"]
[SourceTitle "EXT 2018"]
[Source "ChessBase"]
[SourceDate "2017.10.13"]
[SourceVersion "1"]
[SourceVersionDate "2017.10.13"]
[SourceQuality "1"]

1. c4 Nf6 2. Nc3 g6 3. g3 Bg7 4. Bg2 0-0 5. Nf3 d6 6. 0-0 c6 7. Rb1 a6 8. d3 b5 9. Nd4 Bd7 10. cxb5 axb5 11. Ndxb5 Ra5 12. Nd4 Ng4 13. Nf3 Qc8 14. Qc2 Re8 15. a3 Rc5 16. Bd2 Ne5 17. Nxe5 Rxe5 18. Rfe1 Bh3 19. Bh1 Bg4 20. Be3 h5 21. d4 Ra5 22. Rbc1 Bf5 23. Qd2 Qa6 24. Bh6 Kh7 25. Bxg7 Kxg7 26. e4 Bh3 27. d5 c5 28. Ne2 Rb5 29. Nf4 Bg4 30. Qc3+ f6 31. Bg2 Qb6 32. Rc2 Rb3 33. Qd2 Nd7 34. Nd3 Ne5 35. Nxe5 fxe5 36. h3 Bf3 37. Bxf3 Rxf3 38. Re3 Rf7 39. b4 cxb4 40. Rc6 Qa7 41. Qxb4 Ref8 42. Rc2 Rb8 43. Qc3 Rb1+ 44. Rc1 Rb8 45. Rf3 Rbf8 46. Rxf7+ Rxf7 47. Rc2 Qa4 48. Qd3 Qa5 49. Rc3 Qb6 50. Qc2 Qa5 51. a4 Qb4 52. Rc4 Qe1+ 53. Kg2 Qa5 54. Rc8 Qa7 55. Rc3 Qd4 56. Rf3 Rxf3 57. Kxf3 Qa7 58. Qc4 Kf7 59. Qb4 Qa6 60. Qb5 Qa7 61. a5 Qd4 62. a6 Qd3+ 63. Qxd3 1-0

[Event "Hastings Masters op 89th"]
[Site "Hastings"]
[Date "2013.12.29"]
[Round "2"]
[White "Staniforth, Matthew"]
[Black "Witt, Holger"]
[Result "1-0"]
[WhiteElo "1899"]
[BlackElo "1648"]
[PlyCount "113"]
[EventDate "2013.12.28"]
[EventType "swiss"]
[EventRounds "9"]
[EventCountry "ENG"]
[SourceTitle "CBM 158 Extra"]
[Source "ChessBase"]
[SourceDate "2014.02.28"]
[SourceVersion "1"]
[SourceVersionDate "2014.02.28"]
[SourceQuality "1"]

1. d4 Nf6 2. c4 g6 3. Nc3 Bg7 4. Nf3 0-0 5. e4 d6 6. Be2 e5 7. Be3 Na6 8. 0-0 Qe8 9. Nd2 exd4 10. Bxd4 Nc5 11. f3 Ne6 12. Bf2 Nf4 13. Re1 Nxe2+ 14. Nxe2 Nd7 15. Qc2 Ne5 16. Nd4 Bd7 17. Rad1 a6 18. Nf1 Be6 19. Ne3 Qd7 20. b3 Nc6 21. Nxc6 Qxc6 22. Nd5 Bxd5 23. exd5 Qd7 24. Bd4 Bxd4+ 25. Rxd4 Rae8 26. Rde4 b6 27. Qe2 Rxe4 28. Qxe4 a5 29. Kf2 Qd8 30. Qe7 Qxe7 31. Rxe7 Rc8 32. Kg3 Kf8 33. Re4 Re8 34. Kf4 h6 35. g4 Rxe4+ 36. fxe4 f6 37. h4 Kf7 38. h5 Kg7 39. Kf3 g5 40. a3 Kf7 41. b4 axb4 42. axb4 Ke7 43. Ke3 Kf7 44. Kd4 Ke7 45. Kc3 Kd7 46. Kb3 Kd8 47. Ka4 Kc8 48. Kb5 Kb7 49. c5 bxc5 50. bxc5 Kc8 51. cxd6 Kd7 52. dxc7 Kxc7 53. Kc5 Kd7 54. d6 Kd8 55. Kc6 Kc8 56. d7+ Kd8 57. Kd6 1-0